Si llevas un ratón a la escuela (Record no. 17549)

MARC details
000 -LEADER
fixed length control field 01077pam a2200349Ia 4500
001 - CONTROL NUMBER
control field sjdsz9livm b1154023
003 - CONTROL NUMBER IDENTIFIER
control field sjds
005 - DATE AND TIME OF LATEST TRANSACTION
control field 20180617203251.0
008 - FIXED-LENGTH DATA ELEMENTS--GENERAL INFORMATION
fixed length control field 021115s2002 nyua b 000 1 spa
010 ## - LIBRARY OF CONGRESS CONTROL NUMBER
LC control number 2002192759
020 ## - INTERNATIONAL STANDARD BOOK NUMBER
International Standard Book Number 0439550270 (pbk.)
020 ## - INTERNATIONAL STANDARD BOOK NUMBER
International Standard Book Number 9780439550277 (pbk.)
020 ## - INTERNATIONAL STANDARD BOOK NUMBER
International Standard Book Number 0060523409
040 ## - CATALOGING SOURCE
Transcribing agency sjds
041 ## - LANGUAGE CODE
Language code of text/sound track or separate title spa
Language code of original eng
090 ## - LOCALLY ASSIGNED LC-TYPE CALL NUMBER (OCLC); LOCAL CALL NUMBER (OCLC)
Classification number (OCLC) (R) ; Classification number, CALL (RLIN) (NR) jSPAN PIC
Local cutter number (OCLC) ; Book number/undivided call number, CALL (RLIN) NUM
100 1# - MAIN ENTRY--PERSONAL NAME
Personal name Numeroff, Laura Joffe.
245 10 - TITLE STATEMENT
Title Si llevas un ratón a la escuela
Statement of responsibility, etc. por Laura Numeroff ; ilustrado por Felicia Bond ; traducido por Teresa Mlawer.
246 30 - VARYING FORM OF TITLE
Title proper/short title If you take a mouse to school.
250 ## - EDITION STATEMENT
Edition statement Spanish.
260 ## - PUBLICATION, DISTRIBUTION, ETC. (IMPRINT)
Place of publication, distribution, etc. [New York] :
Name of publisher, distributor, etc. Scholastic,
Date of publication, distribution, etc. 2002.
300 ## - PHYSICAL DESCRIPTION
Extent [29] p. :
Other physical details col. ill. ;
Dimensions 24 cm.
500 ## - GENERAL NOTE
General note Translation of: If you take a mouse to school.
520 ## - SUMMARY, ETC.
Summary, etc. Follows a boy and his mouse through a busy day at school.
650 #1 - SUBJECT ADDED ENTRY--TOPICAL TERM
Topical term or geographic name as entry element Schools
Form subdivision Fiction.
650 #1 - SUBJECT ADDED ENTRY--TOPICAL TERM
Topical term or geographic name as entry element Mice
Form subdivision Fiction.
650 #1 - SUBJECT ADDED ENTRY--TOPICAL TERM
Topical term or geographic name as entry element Spanish language materials.
650 #1 - SUBJECT ADDED ENTRY--TOPICAL TERM
Topical term or geographic name as entry element Espanol.
700 1# - ADDED ENTRY--PERSONAL NAME
Personal name Bond, Felicia.
700 1# - ADDED ENTRY--PERSONAL NAME
Personal name Mlawer, Teresa.
942 ## - ADDED ENTRY ELEMENTS (KOHA)
Koha item type Libro/Book
Holdings
Withdrawn status Lost status Source of classification or shelving scheme Damaged status Not for loan Home library Current library Date acquired Total Checkouts Barcode Checked out Date last seen Date checked out Price effective from Koha item type
    Dewey Decimal Classification     Monte Cristo -- Satellite Monte Cristo -- Satellite 06/06/2019 1 40201748   21/04/2021 10/03/2021 06/06/2019 Libro/Book
    Dewey Decimal Classification     Sevadilla -- Satellite Sevadilla -- Satellite 13/06/2017 1 35400838 26/02/2018 19/02/2018 19/02/2018 13/06/2017 Libro/Book

Powered by Koha